UITU Library & LRC     

A Novel Selective Switiching Scheme for Power Distribution System (Record no. 33172)

MARC details
000 -LEADER
fixed length control field 00513nam a2200145Ia 4500
008 - FIXED-LENGTH DATA ELEMENTS--GENERAL INFORMATION
fixed length control field 260210s9999 xx 000 0 und d
024 ## - OTHER STANDARD IDENTIFIER
Standard number or code 12B-166-EL, 12B-134-EL, 11B-191-EL, 11B-125-EL
082 ## - DEWEY DECIMAL CLASSIFICATION NUMBER
Classification number 621.319 AHM
100 ## - MAIN ENTRY--PERSONAL NAME
Personal name Syed Ahsan Ahmed, Muhammad Hammad, Huma Rauf & Arsalan Ahmed
110 ## - MAIN ENTRY--CORPORATE NAME
Corporate name or jurisdiction name as entry element Engr. Raza Jafri
245 #2 - TITLE STATEMENT
Title A Novel Selective Switiching Scheme for Power Distribution System
260 ## - PUBLICATION, DISTRIBUTION, ETC.
Place of publication, distribution, etc. Karachi:
Name of publisher, distributor, etc. UITU,
Date of publication, distribution, etc. 2012
600 ## - SUBJECT ADDED ENTRY--PERSONAL NAME
Personal name Electrical Engineering
650 ## - SUBJECT ADDED ENTRY--TOPICAL TERM
Topical term or geographic name entry element Bachelor of Engineering (BE)
Holdings
Withdrawn status Lost status Damaged status Not for loan Collection Home library Current library Date acquired Total checkouts Full call number Barcode Date last seen Price effective from Koha item type
        PR-Electrical Engineering UITU Library UITU Library 07/26/2022   621.319 AHM EE-358 02/10/2026 02/10/2026 Project Report

Powered by Koha